000 nam a22 7a 4500
999 _c28990
_d28990
008 170831b xxu||||| |||| 00| 0 eng d
020 _a1902221400
050 _aG 155 .A45 2000
100 _aSomerville, Alistair Ford
245 _aThe ICM guide to world tourist attractions /
260 _aLondon :
_bColumbus Publishing,
_c2000.
300 _aviii, 167p. ;
_c21 cm.
500 _aIncludes index.
650 _aTourism.
650 _aTravel.
942 _2lcc
_cBOOKS
_hG 155 .A45 2000